000 01143cab a2200313 4500
001 WB3445-38
008 090401t1998 xxu||||| |||| 00| 0 eng d
035 _a(Sirsi) u89973
041 _aeng
245 _aRadical reforms
260 _c1998
350 _a0
490 _aEvening Standard
_v26 November 1998, 14
490 _aFinancial Times
_v27 November 1998, 12
490 _aRICS Press Release
_v(pr139.res) 26 November 1998 (4)
520 _aGovernment has announced a major overhaul of the existing leasehold system. Changes include an automatic right for flat owners to take over the management of their blocks without having to go to court and making it easier for flatowners to buy the freehold when the landlord doesn`t want to sell. RICS response.
650 _aBLOCKS OF FLATS
650 _aFLAT OWNERS
650 _aFLATS ABOVE SHOPS
650 _aLEASEHOLD REFORM
650 _aLEASEHOLD SYSTEM
650 _aREFORM
650 _aRESIDENTIAL LEASES
650 _aRIGHT TO BUY
650 _aSERVICE CHARGE DISPUTES
690 _aLANDLORD AND TENANT-LEASEHOLD REFORM
942 _n0
948 _c26/11/1998
999 _c56969
_d56969